| 000 | 01724cam a22003377a 4500 | ||
|---|---|---|---|
| 001 | 13749136 | ||
| 003 | NUST | ||
| 005 | 20221021113339.0 | ||
| 008 | 041012s2004 njua b 001 0 eng d | ||
| 010 | _a 2004556958 | ||
| 020 | _a0471444545 | ||
| 035 | _a(OCoLC)ocm55689336 | ||
| 040 |
_aGAS _cGAS _dDLC |
||
| 042 | _alccopycat | ||
| 082 | 0 | 0 |
_a620.86,STE _222 |
| 100 | 1 |
_aStephans, Richard A. _9101085 |
|
| 245 | 1 | 0 |
_aSystem safety for the 21st century : _bthe updated and revised edition of System safety 2000 / _cRichard A. Stephans. |
| 246 | 3 | _aSystem safety for the twenty-first century | |
| 250 | _aUpdated and rev. ed. | ||
| 260 |
_aHoboken, N.J. : _bWiley-Interscience, _cc2004. |
||
| 300 |
_axx, 385 p. : _bill. ; _c25 cm. |
||
| 505 | _aPart.I Introduction to system safety (Page-1), Part.II System safety program planning and management (Page-57), Part.III Analytical Aids (Page-103), Part.IV System safety analysis techniques (Page-147), Part.V Process safety (Page-275), Part.VI Professionalism and professional development (Page-327). | ||
| 650 | 0 |
_aSystem safety. _9101086 |
|
| 700 | 1 |
_aStephenson, Joe, _cDr. _tSystem safety 2000. _9101087 |
|
| 856 | 4 | 1 |
_aSummary, table of contents and author information available from publisher's website _uhttp://www.wiley.com/WileyCDA/WileyTitle/productCd-0471444545.html |
| 856 | 4 | 1 |
_3Table of contents only _uhttp://www.loc.gov/catdir/toc/wiley051/2004556958.html |
| 856 | 4 | 2 |
_3Contributor biographical information _uhttp://www.loc.gov/catdir/enhancements/fy0621/2004556958-b.html |
| 856 | 4 | 2 |
_3Publisher description _uhttp://www.loc.gov/catdir/enhancements/fy0621/2004556958-d.html |
| 906 |
_a7 _bcbc _ccopycat _d2 _encip _f20 _gy-gencatlg |
||
| 942 |
_2ddc _cBK |
||
| 999 |
_c591995 _d591995 |
||